000 00607nam a2200169Ia 4500
008 230822s9999 xx 000 0 und d
020 _a97808884425050888442505
041 _aeng
050 _aB765.T5
_b.D43 1983
100 _aThomas Aquinas, Saint
245 0 _aOn being and essence
_b/
_cThomas Aquinas, Saint
260 _aToronto :
_bPontif. Inst. of Mediaeval Studies,
_c1983
300 _a75 P.
_b;
_c21cm.
490 _aMediaeval sources in translation,
_v1
650 _aThomas, Aquinas, Saint, 1225?-1274 Philosophy.Thomas, Aquinas, Saint, 1225?-1274.Ontology Early works to 1800.
999 _c44898
_d44898